000 01165cam a22003374a 4500
001 12373857
003 SEKU
005 20140909100027.0
008 010409s2002 iaua 001 0 eng
010 _a 2001031266
020 _a0070259585
040 _aDLC
_cDLC
_dDLC
_dSEKU
_beng
042 _apcc
050 0 0 _aHD1415
_b.S39 2002
082 0 0 _a338.1
_221
100 1 _aSeitz, Wesley D.
245 1 0 _aEconomics of resources, agriculture, and food /
_cWesley D. Seitz, Gerald C. Nelson, Harold G. Halcrow.
250 _a2nd ed.
260 _aDubuque, Iowa :
_bMcGraw-Hill,
_cc2002.
300 _axxiv, 520 p. :
_bill. ;
_c24 cm.
440 0 _aMcGraw-Hill series in agricultural economics
500 _aIncludes index.
650 0 _aAgriculture
_xEconomic aspects.
650 0 _aAgricultural industries.
650 0 _aAgriculture and state.
700 1 _aNelson, Gerald C.
700 1 _aHalcrow, Harold G.
856 4 1 _3Table of contents
_uhttp://www.loc.gov/catdir/toc/mh041/2001031266.html
856 4 2 _3Publisher description
_uhttp://www.loc.gov/catdir/description/mh021/2001031266.html
942 _2lcc
_cGEN
_hHD1415
_i.S39 2002
999 _c3233
_d3233